Communication In Space / (Record no. 8654)
[ view plain ]
| 000 -LEADER | |
|---|---|
| fixed length control field | 00557nam a22002177a 4500 |
| 001 - CONTROL NUMBER | |
| JCCL Control Number | 8654 |
| 003 - CONTROL NUMBER IDENTIFIER | |
| JCCL marc code | BD-JhCC |
| 005 - DATE AND TIME OF LATEST TRANSACTION | |
| control field | 20180920124155.0 |
| 008 - FIXED-LENGTH DATA ELEMENTS--GENERAL INFORMATION | |
| fixed length control field | 180228s uk p|||| |||| 001 0 eng d |
| 035 ## - SYSTEM CONTROL NUMBER | |
| system control number | (BD-JhCC) 8654 |
| 040 ## - CATALOGING SOURCE | |
| Original cataloging agency | BD-JhCC |
| Modifying agency | BD-JhCC |
| 041 ## - LANGUAGE CODE | |
| Language code of Book | eng |
| 082 ## - DEWEY DECIMAL CLASSIFICATION NUMBER | |
| Classification number | 621.384156 |
| Author mark and Year | DUN |
| 100 ## - MAIN ENTRY--PERSONAL NAME | |
| Personal name | Jr, Orrin E. Dunlap |
| 245 ## - TITLE STATEMENT | |
| Title | Communication In Space / |
| Statement of responsibility, etc | Orrin E. Dunlap Jr |
| 260 ## - PUBLICATION, DISTRIBUTION, ETC. (IMPRINT) | |
| Place of publication, distribution, etc | New York |
| Name of publisher, distributor, etc | Harper & Row, Publishers |
| Date of publication, distribution, etc | DUN |
| 300 ## - PHYSICAL DESCRIPTION | |
| Pagination | 175. P: |
| Other physical details | Ill |
| Dimensions | 21 cm |
| 650 ## - SUBJECT ADDED ENTRY--TOPICAL TERM | |
| Topical term or geographic name as entry element | Telecommunication |
| 942 ## - ADDED ENTRY ELEMENTS (KOHA) | |
| Source of classification or shelving scheme | Dewey Decimal Classification |
| Koha item type | Books |
| Source of classification or shelving scheme | Damaged status | Not for loan | Home library | Current library | Shelving location | Date of accession | Total Checkouts | Full call number | Barcode | Date last seen | Copy number | Koha item type |
|---|---|---|---|---|---|---|---|---|---|---|---|---|
| Dewey Decimal Classification | JCC Rouf Library | JCC Rouf Library | General Stacks | 02/28/2018 | 621.384156 DUN | 11142 | 02/28/2018 | C-1 | Books |